000 00343pab a2200157 454500
008 180718b2012 xxu||||| |||| 00| 0 eng d
100 _aSingh, Hargopal
245 _aToday's trade unionism
260 _c2012
300 _ap.15-16.
362 _a28 Apr
650 _aTrade unions
773 _aMainstream
908 _aN
909 _a95805
999 _c95805
_d95805